Integrated Management Systems

Gespeichert in:
Bibliographische Detailangaben
Hauptverfasser: Bugdol, Marek (Verfasst von), Jedynak, Piotr (Verfasst von)
Format: Buch
Sprache:Englisch
Veröffentlicht: Cham Springer 2015
Schlagworte:
Tags: Tag hinzufügen
Keine Tags, Fügen Sie das erste Tag hinzu!

MARC

LEADER 00000nam a22000003a 4500
001 0030908
003 SK-STU
005 20180202134347.5
007 ta
008 180202s ----xo-----e------000-0-----d
020 |a 978-3-319-37884-8 
040 |a STU  |b slo 
041 0 |a eng 
044 |a sz 
100 1 |a Bugdol, Marek  |4 aut 
245 1 0 |a Integrated Management Systems 
260 |a Cham  |b Springer  |c 2015 
300 |a 194 s. 
650 0 7 |a integrovaný manažérsky systém  |7 unknown*stus24392 
650 0 7 |a kontrola kvality  |7 unknown*stus1212 
700 1 |a Jedynak, Piotr  |4 aut 
996 |b 284M087616  |c M* 14098-1  |l MMKN  |s A  |a 24  |w 0030908_0001